Countries with religious symbolism in their flags - Statistics

General Stats
  • This quiz has been taken 50 times
    34 since last reset
  • The average score is 31 of 54
Answer Stats
Answer % Correct
Slovakia
83%
Turkey
83%
Afghanistan
80%
Finland
80%
Norway
80%
Saudi Arabia
80%
Tunisia
80%
United Kingdom
80%
Vatican
80%
Denmark
77%
Pakistan
77%
Sweden
77%
Iceland
73%
Israel
73%
Algeria
70%
Iran
70%
Uzbekistan
70%
Georgia
67%
Iraq
67%
Libya
67%
Spain
67%
Australia
63%
Azerbaijan
63%
New Zealand
63%
Serbia
63%
Turkmenistan
63%
Greece
60%
Malaysia
60%
Morocco
60%
Mauritania
57%
Tajikistan
53%
Cambodia
50%
Maldives
47%
Nepal
47%
Switzerland
47%
Thailand
47%
Andorra
43%
Bhutan
43%
Fiji
43%
Jordan
43%
Moldova
43%
San Marino
43%
Sudan
43%
Tuvalu
43%
Comoros
40%
Malta
40%
Dominican Republic
37%
Brunei
33%
Montenegro
33%
Ireland
30%
Sri Lanka
30%
Armenia
20%
Bahrain
20%
Senegal
20%
No matching quizzes found
Score Distribution
Percent of People with Each Score
Percentile by Number Answered
Your Score History
You have not taken this quiz since the last reset